|
|
|
|
| LEADER |
00000cas a2200000 a 4500 |
| 001 |
vtls008882750 |
| 003 |
SK-MaSNL |
| 005 |
20260228162313.0 |
| 008 |
020520d19671971xr mr par 0 0 b0czeoc |
| 035 |
|
|
|a (SVKBB03)vtls000115196
|
| 040 |
|
|
|a SVKBB
|b slo
|c SVKBB
|d SNK
|e AACR2
|
| 041 |
0 |
|
|a cze
|
| 044 |
|
|
|a xr
|c CZ
|
| 072 |
|
7 |
|a 534
|x Mechanické kmity. Akustika
|2 konspekt
|
| 072 |
|
7 |
|a 78
|x Hudba
|2 konspekt
|
| 080 |
|
|
|a 534-7
|2 2011
|
| 080 |
|
|
|a 78
|2 2011
|
| 080 |
|
|
|a (051)-048.55
|2 2011
|
| 245 |
0 |
0 |
|a Hudba a zvuk
|b měsíčník pro rozhlas, hudbu a elektroakustiku
|
| 260 |
|
|
|a Praha
|b Orbis
|c 1967-1971
|
| 300 |
|
|
|a 5 zv.
|c 35 cm
|
| 310 |
|
|
|a 1x mesačne
|
| 362 |
0 |
|
|a Č. 1 (1967)-č. 12 (1971)
|
| 500 |
|
|
|a Podnázev od r. 1969: hifi měsíčník
|
| 550 |
|
|
|a Vydává Český rozhlas Praha za odborné spolupráce Ústavu pro hudební vědu ČSAV a Klubu elektroakustiky Svazarmu
|
| 650 |
0 |
7 |
|a zvuk
|2 SNKPH
|9 23227
|
| 650 |
0 |
7 |
|a hudba
|2 SNKPH
|9 1063
|
| 655 |
|
7 |
|a špecializované časopisy
|2 SNKPH
|9 70509
|
| 710 |
2 |
|
|a Český rozhlas
|9 225183
|
| 710 |
2 |
|
|a Československá akademie věd.
|b Ústav pro hudební vědu
|9 211108
|
| 710 |
2 |
|
|a Svazarm
|b Klub elektroakustiky
|9 270750
|
| 910 |
|
|
|a snk
|
| 999 |
|
|
|c 7501
|d 9431
|
| 952 |
|
|
|0 0
|1 1
|4 0
|7 0
|a SNK
|b SNK
|d 1997-06-20
|l 0
|o snkČB 3342/3/1969
|p 17A0073082
|r 2005-01-02 00:00:00
|t č. 1-12
|w 2026-02-21
|y PREZ
|
| 952 |
|
|
|0 0
|1 1
|4 0
|7 0
|a SNK
|b SNK
|d 1997-06-20
|l 0
|o snkČB 3342/5/1971
|p 17A0073241
|r 2005-01-02 00:00:00
|t č. 1-12
|w 2026-02-21
|y PREZ
|
| 952 |
|
|
|0 0
|1 1
|4 0
|7 0
|a SNK
|b SNK
|d 1997-06-20
|l 0
|o snkČB 3342/1968
|p 17A0073309
|r 2005-01-02 00:00:00
|t č. 1-12
|w 2026-02-21
|y PREZ
|
| 952 |
|
|
|0 0
|1 1
|4 0
|7 0
|a SNK
|b SNK
|d 1997-06-20
|l 0
|o snkČB 3342/4/1970
|p 17A0073315
|r 2005-01-02 00:00:00
|t č. 1-12
|w 2026-02-21
|y PREZ
|
| 952 |
|
|
|0 0
|1 1
|4 0
|7 0
|a SNK
|b SNK
|d 1997-06-20
|l 0
|o snkČB 3342/1/1967
|p 17A0073906
|r 2005-01-02 00:00:00
|t č. 1-12
|w 2026-02-21
|y PREZ
|